000 00417nam a2200181Ia 4500
001 19260
005 20260306171731.0
008 260306s9999||||xx |||||||||||||| ||und||
041 _aESP
082 _a658.816
_bG73
100 _aGoñi Avila, Niria
_eAUT
245 0 _aEl precio:
_bvariable clave en marketing
260 _c2008
300 _a
_c
650 _aGEN
654 _aCAN
942 _cLIB
_dJUS
_fJUS
_2ddc
_n
999 _c19260
_d19260